Central Library OPAC University of Rajshahi

Central planning / (Record no. 18844)

MARC details
000 -LEADER
fixed length control field 00760cam a22002531 4500
001 - CONTROL NUMBER
control field 18844
003 - CONTROL NUMBER IDENTIFIER
rucl marc code BD-RjUL
005 - DATE AND TIME OF LATEST TRANSACTION
control field 20211209000337.0
008 - FIXED-LENGTH DATA ELEMENTS--GENERAL INFORMATION
fixed length control field 140222s1964 ctu b 001 0 eng
035 ## - SYSTEM CONTROL NUMBER
System control number (BD-RjUL)18902
040 ## - CATALOGING SOURCE
Original cataloging agency DLC
Transcribing agency DLC
Modifying agency DLC
-- BD-RjUL
Language of cataloging eng
041 ## - LANGUAGE CODE
Language code of text/sound track or separate title eng
082 00 - DEWEY DECIMAL CLASSIFICATION NUMBER
Classification number 338.9
Author mark and year TIC 1964
100 1# - MAIN ENTRY--PERSONAL NAME
Personal name Tinbergen, Jan.
Dates associated with a name 1903-
9 (RLIN) 7462
245 10 - TITLE STATEMENT
Title Central planning /
Statement of responsibility, etc. Jan Tinbergen.
260 ## - PUBLICATION, DISTRIBUTION, ETC. (IMPRINT)
Place of publication, distribution, etc. New Haven :
Name of publisher, distributor, etc. Yale University Press,
Date of publication, distribution, etc. c1964.
300 ## - PHYSICAL DESCRIPTION
Pagination x, 150 p. ;
Size 21 cm.
504 ## - BIBLIOGRAPHY, ETC. NOTE
Bibliography, etc Bibliography: p. 143-146. Bibliographical footnotes & Includes Index.
650 #0 - SUBJECT ADDED ENTRY--TOPICAL TERM
Topical term or geographic name as entry element Central planning.
9 (RLIN) 58113
942 ## - ADDED ENTRY ELEMENTS (KOHA)
Source of classification or shelving scheme Dewey Decimal Classification
Koha item type Books
Holdings
Lost status Source of classification or shelving scheme Damaged status Not for loan Collection code Permanent Location Current Location Shelving location Date acquired Source of acquisition Cost, normal purchase price Total Checkouts Full call number Date last seen Copy number Koha item type
  Dewey Decimal Classification     Non-fiction Central Library, University of Rajshahi Central Library, University of Rajshahi   05/09/1967 sweets & zeithinger 9.60   338.9 TIC 1964 22/02/2014 C-4 Books
  Dewey Decimal Classification     Non-fiction Central Library, University of Rajshahi Central Library, University of Rajshahi   07/04/1967 Zeitlinger 9.70   338.9 TIC 1964 15/10/2016 C-2 Books